Sports Quiz

Random Sports or Country Quiz

MLB Home Run Hitting Countries Quiz Stats

 Plays Quiz Updated Oct 3, 2018

Challenge
Share
Tweet
Embed
Score 0/17 Timer 03:00
11 Plays Today
Homers Country % Correct
262,518USA (includes Puerto Rico, Virgin Islands, American Samoa)
99.7%
1,149Mexico
94.3%
2,949Canada
93.6%
15,301Dominican Republic
92.1%
603Japan
91.7%
4,785Cuba
90.1%
8,248Venezuela
78.9%
324South Korea
60.9%
173Australia
60.1%
Homers Country % Correct
1,597Panama
59.6%
359Germany
57.5%
332Colombia
55%
457United Kingdom
54.2%
949Netherlands (Includes Curaçao and Aruba)
45.1%
567Jamaica
36.6%
115Nicaragua
30.1%
137Ireland
29.1%

You're not logged in!

Compare scores with friends on all Sporcle quizzes.
OR
Log In

You Might Also Like...

Show Comments

Extras

Top Quizzes Today


Score Distribution

Your Account Isn't Verified!

In order to create a playlist on Sporcle, you need to verify the email address you used during registration. Go to your Sporcle Settings to finish the process.

Report this User

Report this user for behavior that violates our Community Guidelines.

Details: